Advanced Photocatalytic Materials (Record no. 18897)

MARC details
000 -LEADER
fixed length control field 01399nam a2200133Ia 4500
008 - FIXED-LENGTH DATA ELEMENTS--GENERAL INFORMATION
fixed length control field 220615s9999||||xx |||||||||||||| ||und||
020 ## - INTERNATIONAL STANDARD BOOK NUMBER
International Standard Book Number 9783040000000
245 #0 - TITLE STATEMENT
Title Advanced Photocatalytic Materials
546 ## - LANGUAGE NOTE
Language note English[eng]
650 ## - SUBJECT ADDED ENTRY--TOPICAL TERM
Topical term or geographic name entry element anatase||brookite||C/N-TiO2||microcystin-LR||photodegradation||visible light||TiO2 nanomaterials||Au nanoparticles||anodization||photocatalytic degradation of antibiotics||LC-MS/MS||TiO2||photonic crystals||graphene oxide nanocolloids||reduced graphene oxide||photocatalysis||photocatalytic materials||nanocomposites||sulfate-modified BiVO4||methylene blue||LED visible light||photodecomposition||anatase TiO2 nanocrystals||high-energy facets||photocatalytic activity||photovoltaic performance||photoactive cement||TiO2/N||NOx decomposition||mechanical properties||plasmonic photocatalysis||silver-copper oxide||VOCs remediation||full-spectrum photoresponse||carbon-doped titania||carbon-modified titania||graphene/titania||vis-active photocatalyst||antibacterial properties||laser pyrolysis||hydrogen peroxide||CdS||CdSe||photoelectrocatalysis||photocatalytic fuel cells||photo fuel cells||visible light activated titania||heterojunction photocatalysts||photonic crystal catalysts||graphene-based photocatalysts||water and air purification||solar fuels
700 ## - ADDED ENTRY--PERSONAL NAME
Personal name Likodimos, Vlassios
856 ## - ELECTRONIC LOCATION AND ACCESS
Uniform Resource Identifier <a href="https://mdpi.com/books/pdfview/book/4197">https://mdpi.com/books/pdfview/book/4197</a>
942 ## - ADDED ENTRY ELEMENTS (KOHA)
Koha item type E-Books
Holdings
Withdrawn status Lost status Damaged status Not for loan Home library Current library Date acquired Total Checkouts Date last seen Price effective from Koha item type
        Kerala University of Digital Sciences, Innovation and Technology Knowledge Centre Kerala University of Digital Sciences, Innovation and Technology Knowledge Centre 15/06/2022   15/06/2022 15/06/2022 E-Books